00854cam a22002411 4500001001300000003000400013005001700017008004100034010001700075035002000092040004000112042001200152050001500164100003500179245012500214260001700339300006300356410005200419650004100471650002500512740005800537999001700595gs 49000099 DLC20260227111355.0851115s1948 pe ab 000 0 spa c ags 49000099  a(OCoLC)12801685 aU.S. Geol. Survey. Libr.cTxHRdDLC apremarc00aQE247b.J41 aJenks, William Furness,d1909-10aGeología de la hoja de Arequipa, Al 200,000.bGeology of the Arequipa quadrangle of the Carta National [!] del Perú. aLima,c1948. axiii, 204 p.billus., maps (part fold., 1 laid in)c24 cm.20aInstituto Geológico del Perú.tBoletínv9 0aGeologyzPeruzArequipa (Department) 0aGeologyzPeruvMaps.0 aArequipa quadrangle of the Carta Nacional del Perú. c28351d28351